01562 a2200241 4500003000500000005001700005010001600022020002200038020002200060040000900082082001200091100002100103245007200124250002000196260003100216300004300247505079900290650001301089700002801102700002201130856008901152856007901241Nust20220801134353.0 a 91035885 a0471804576 (v. 2) a0471804576 (v. 2) cNust00a530,RES1 aResnick, Robert,10aPhysics Vol- 1/cRobert Resnick, David Halliday, Kenneth S. Krane. a4th ed.bVol- I aNew York :bWiley,cc1992. a2 v. (1020, [34] p.) :bill. ;c29 cm. aMeasurement (Page-1), Motion in one dimension (Page-13), Force and Newton's laws (Page- 41), Motion in two and three dimensions (Page-65), Applications of Newton's law (Page- 89), Momentum (Pag-119), Systems of particles (Pag-139), Rotational kinematics (Page- 159), Rotational dynamics (Page-175), Angular momentum (Page-207),Energy, work and kinetic energy (Page-229), Potential energy (Page-257), Conservation of energy (Page- 279), Gravitation (Page-299), Fluid statics (Page-331), Fluid dynamics (Page-351), Oscillation (Page- 373), Wave motion (Page-401), Sound wave (Page-427), Special theory of relativity (Page- 451), Temperature (Page-479), Molecular properties of gases (Page-497)23.The first law of thermodynamics (Page-517), Entropy and the second law of thermodynamics (Page-545). 0aPhysics.1 aHalliday, David,d1916-1 aKrane, Kenneth S.4 3Publisher descriptionuhttp://www.loc.gov/catdir/enhancements/fy0607/91035885-d.html4 3Table of Contents onlyuhttp://www.loc.gov/catdir/toc/onix05/91035885.html